Pobre Bélgica
Saved in:
| Main Author: | |
|---|---|
| Format: | Book |
| Language: | Spanish |
| Published: |
Buenos Aires
Losada
1999
|
| Series: | Colección La Pajarita de Papel
|
| Subjects: | |
| Tags: |
Add Tag
No Tags, Be the first to tag this record!
|
MARC
| LEADER | 00000nam a2200000 a 4500 | ||
|---|---|---|---|
| 001 | UCO1820 | ||
| 003 | CL-VaPUC | ||
| 008 | 000519e19990000AG |||||||||||||||||spa|d | ||
| 082 | 0 | 4 | |a 841 |b BAU |2 21 |
| 100 | 0 | |a Baudelaire, Charles Pierre |e author |9 265454 | |
| 245 | 1 | 0 | |a Pobre Bélgica |
| 300 | |a 242 p | ||
| 942 | |c BK | ||
| 945 | |d 20000519 00:00:00 |a rbrito | ||
| 260 | |a Buenos Aires |b Losada |c 1999 | ||
| 650 | 0 | |a Poesías francesas |9 265467 | |
| 583 | |a last modification |c 20000519 00:00:00 |k Rodrigo Vera | ||
| 490 | 0 | |a Colección La Pajarita de Papel | |
| 999 | |c 288413 |d 288411 | ||
| 952 | |0 0 |1 0 |4 0 |6 841_000000000000000_BAU_1999 |7 0 |8 A |9 336082 |a BIBART |b BIBART |d 2019-11-20 |i 3606244 |o 841 BAU 1999 |p 3606244 |r 2025-03-13 |w 2019-11-20 |y BK |k ART | ||